000
00271nam a22001217a 4500
008
170622b xxu||||| |||| 00| 0 eng d
041
_a
eng
080
_a
32
100
_a
32
101
_a
SHP
245
_a
MASTERS OF POLITICAL THOUGH
_c
MACHIAVELLI.B
942
_2
udc
_c
BK
999
_c
18832
_d
18832